00325pab a2200121 454500008004000000100002500040245006400065260000900129300001400138362001100152650002500163773001500188180718b2008 xxu||||| |||| 00| 0 eng d aLow's Blom-Cooper C. aPress freedom: constitutional right or cultural assumption? c2008 ap.260-76. aSummer aFreedom of the press aPublic Law